[Event "London Classic op 7th"]
[Site "London"]
[Date "2015.12.11"]
[Round "9"]
[White "Cannon, Raymond Charles"]
[Black "Mulay, Partha"]
[Result "1-0"]
[WhiteElo "1985"]
[BlackElo "1780"]
[PlyCount "55"]
[EventDate "2015.12.04"]
[EventType "swiss"]
[EventRounds "9"]
[EventCountry "ENG"]
[SourceTitle "CBM 169 Extra"]
[Source "ChessBase"]
[SourceDate "2015.12.18"]
[SourceVersion "1"]
[SourceVersionDate "2015.12.18"]
[SourceQuality "1"]

1. e4 e6 2. d4 d5 3. Nd2 c5 4. dxc5 Nf6 5. exd5 Qxd5 6. Ngf3 Nc6 7. Bc4 Qxc5 8. Qe2 Be7 9. Nb3 Qh5 10. Bf4 0-0 11. 0-0-0 Na5 12. Nxa5 Qxa5 13. Bd2 Qc5 14. Bc3 a6 15. Bd4 Qc7 16. Be5 Qc5 17. Bd3 Rd8 18. Nd4 Bd7 19. Nb3 Qc8 20. g4 Bc6 21. Rhg1 b6 22. g5 Ne8 23. Rg3 g6 24. Nd4 Bd5 25. Kb1 Nd6 26. Qg4 Qd7 27. Qh3 Nc4 28. Qxh7+ 1-0

[Event "London Classic op 7th"]
[Site "London"]
[Date "2015.12.04"]
[Round "1"]
[White "Cannon, Raymond Charles"]
[Black "Martins, David Pires Tavares"]
[Result "0-1"]
[WhiteElo "1985"]
[BlackElo "2372"]
[PlyCount "60"]
[EventDate "2015.12.04"]
[EventType "swiss"]
[EventRounds "9"]
[EventCountry "ENG"]
[SourceTitle "CBM 169 Extra"]
[Source "ChessBase"]
[SourceDate "2015.12.18"]
[SourceVersion "1"]
[SourceVersionDate "2015.12.18"]
[SourceQuality "1"]

1. e4 e6 2. d4 d5 3. Nd2 Nf6 4. e5 Nfd7 5. Bd3 c5 6. c3 Nc6 7. Ne2 cxd4 8. cxd4 f6 9. exf6 Nxf6 10. Nf3 Bd6 11. 0-0 Qc7 12. Nc3 a6 13. Bg5 0-0 14. Bh4 Nh5 15. Re1 g6 16. Rc1 Rxf3 17. Qxf3 Nxd4 18. Qe3 Nc6 19. Ne2 Bxh2+ 20. Kh1 Bd6 21. Qh6 Qf7 22. Qe3 e5 23. f3 Be6 24. g4 Nf6 25. Qg5 Nxg4 26. fxg4 Qf3+ 27. Kg1 Qxd3 28. Qf6 Nd4 29. Nxd4 Qxd4+ 30. Bf2 Qxg4+ 0-1

[Event "London Classic op 6th"]
[Site "London"]
[Date "2014.12.11"]
[Round "4"]
[White "Cannon, Raymond Charles"]
[Black "Osborne, Marcus E"]
[Result "1/2-1/2"]
[WhiteElo "1956"]
[BlackElo "2176"]
[PlyCount "110"]
[EventDate "2014.12.08"]
[EventType "swiss"]
[EventRounds "9"]
[EventCountry "ENG"]
[SourceTitle "CBM 163 Extra"]
[Source "ChessBase"]
[SourceDate "2014.12.23"]
[SourceVersion "1"]
[SourceVersionDate "2014.12.23"]
[SourceQuality "1"]

1. Nc3 d5 2. e4 e6 3. d4 Nf6 4. exd5 exd5 5. Bg5 c6 6. Bd3 Be7 7. Nge2 Bg4 8. f3 Bh5 9. Nf4 Bg6 10. Nxg6 hxg6 11. Qe2 0-0 12. 0-0 Re8 13. Qf2 Nbd7 14. Kh1 Nf8 15. Rae1 Qc7 16. Bh4 Bd6 17. Bg3 Bxg3 18. Qxg3 Qb6 19. Ne2 Ne6 20. Rd1 Nxd4 21. Nxd4 Qxd4 22. Bxg6 Qe5 23. Qxe5 Rxe5 24. Bd3 c5 25. Rfe1 Rae8 26. Rxe5 Rxe5 27. Kg1 d4 28. Bc4 Re7 29. Kf1 a6 30. a4 Nd7 31. Bd3 Nb6 32. a5 Nd5 33. Re1 Ne3+ 34. Kf2 f5 35. c3 f4 36. cxd4 cxd4 37. Rc1 Kf7 38. Rc8 Nd1+ 39. Kf1 Nxb2 40. Be4 Rd7 41. Ke2 Na4 42. Kd3 Ke6 43. Re8+ Kf6 44. Rc8 Nc3 45. Rf8+ Ke7 46. Rxf4 Nb5 47. Rg4 Kd6 48. Rg5 Rc7 49. Rg6+ Ke5 50. Rg5+ Kd6 51. Rg6+ Kc5 52. Rb6 Nd6 53. Rb1 Nb5 54. h4 Rf7 55. g4 Nd6 1/2-1/2

[Event "London Classic op 6th"]
[Site "London"]
[Date "2014.12.10"]
[Round "3"]
[White "Moore, Gerald C"]
[Black "Cannon, Raymond Charles"]
[Result "1/2-1/2"]
[WhiteElo "2169"]
[BlackElo "1956"]
[PlyCount "90"]
[EventDate "2014.12.08"]
[EventType "swiss"]
[EventRounds "9"]
[EventCountry "ENG"]
[SourceTitle "CBM 163 Extra"]
[Source "ChessBase"]
[SourceDate "2014.12.23"]
[SourceVersion "1"]
[SourceVersionDate "2014.12.23"]
[SourceQuality "1"]

1. Nf3 d6 2. d4 Nf6 3. c4 Nbd7 4. Nc3 e5 5. e4 Be7 6. Be2 0-0 7. 0-0 c6 8. Rb1 a5 9. Re1 Re8 10. Bf1 Bf8 11. d5 Nc5 12. b3 Bg4 13. h3 Bh5 14. a3 cxd5 15. cxd5 Bg6 16. Nd2 Be7 17. b4 axb4 18. axb4 Ncd7 19. Nc4 Nb6 20. Nxb6 Qxb6 21. Be3 Qc7 22. Rc1 Rec8 23. f3 Nd7 24. Bb5 Qd8 25. Na4 Rxc1 26. Qxc1 Bh4 27. Re2 Rc8 28. Rc2 Rxc2 29. Qxc2 Be1 30. Qc4 f5 31. Kf1 Bg3 32. Bxd7 Qxd7 33. Nb6 Qd8 34. Qc8 Qxc8 35. Nxc8 fxe4 36. Nxd6 exf3 37. gxf3 Bf7 38. Ne4 Bf4 39. Bxf4 exf4 40. d6 Bc4+ 41. Ke1 Kf8 42. Nc5 Bd5 43. Kf2 Ke8 44. Nd3 Kd7 45. Nxf4 Kxd6 1/2-1/2

[Event "London Classic op"]
[Site "London"]
[Date "2011.12.07"]
[Round "5"]
[White "Farrell, Neil"]
[Black "Cannon, Raymond Charles"]
[Result "1-0"]
[WhiteElo "2181"]
[BlackElo "2024"]
[PlyCount "51"]
[EventDate "2011.12.03"]
[EventType "swiss"]
[EventRounds "9"]
[EventCountry "ENG"]
[SourceTitle "CBM 145 Extra"]
[Source "ChessBase"]
[SourceDate "2012.01.03"]
[SourceVersion "1"]
[SourceVersionDate "2012.01.03"]
[SourceQuality "1"]

1. d4 Nf6 2. c4 c5 3. d5 e6 4. Nc3 exd5 5. cxd5 d6 6. e4 g6 7. h3 Bg7 8. Nf3 0-0 9. Bd3 b5 10. Bxb5 Nxe4 11. Nxe4 Qa5+ 12. Nfd2 Qxb5 13. Nxd6 Qd7 14. N2c4 Ba6 15. 0-0 Rd8 16. Re1 Bxc4 17. Nxc4 Nc6 18. Bg5 f6 19. dxc6 Qxc6 20. Bd2 Rd4 21. Qc2 Qd5 22. b3 Rd8 23. Be3 Rd3 24. Nb2 f5 25. Nxd3 Bxa1 26. Rxa1 1-0

[Event "London Classic op"]
[Site "London"]
[Date "2011.12.06"]
[Round "4"]
[White "Farrand, Tom"]
[Black "Cannon, Raymond Charles"]
[Result "1/2-1/2"]
[WhiteElo "2265"]
[BlackElo "2024"]
[PlyCount "77"]
[EventDate "2011.12.03"]
[EventType "swiss"]
[EventRounds "9"]
[EventCountry "ENG"]
[SourceTitle "CBM 145 Extra"]
[Source "ChessBase"]
[SourceDate "2012.01.03"]
[SourceVersion "1"]
[SourceVersionDate "2012.01.03"]
[SourceQuality "1"]

1. e4 d6 2. d4 Nf6 3. Nc3 g6 4. Nf3 Bg7 5. h3 0-0 6. Be3 b6 7. e5 Ne8 8. e6 fxe6 9. h4 Nf6 10. h5 gxh5 11. Bd3 Qe8 12. Qd2 Ba6 13. Ng5 Bxd3 14. Qxd3 Qg6 15. Qc4 d5 16. Qxc7 Na6 17. Qe5 Nb4 18. 0-0 Nxc2 19. Nxe6 Nxa1 20. Nxf8 Rxf8 21. Rxa1 Qf7 22. Re1 e6 23. Qg3 Qg6 24. Bf4 Ng4 25. Be3 Qf5 26. Ne2 e5 27. b3 Qc2 28. dxe5 Bxe5 29. Qh4 Nxe3 30. Qg5+ Qg6 31. Qxe3 Qf6 32. Rd1 d4 33. Qe4 Qxf2+ 34. Kh1 Qe3 35. Qd5+ Kg7 36. Nxd4 Bxd4 37. Rxd4 Rf1+ 38. Kh2 Qg1+ 39. Kg3 1/2-1/2

[Event "Brighton op"]
[Site "Brighton"]
[Date "2010.11.13"]
[Round "2"]
[White "Cannon, Raymond Charles"]
[Black "Jaszkiwskyj, Peter"]
[Result "0-1"]
[WhiteElo "2068"]
[BlackElo "1996"]
[PlyCount "70"]
[EventDate "2010.11.12"]
[EventType "swiss"]
[EventRounds "5"]
[EventCountry "ENG"]
[SourceTitle "EXT 2011"]
[Source "ChessBase"]
[SourceDate "2010.11.26"]
[SourceVersion "1"]
[SourceVersionDate "2010.11.26"]
[SourceQuality "1"]

1. e4 e5 2. Nf3 Nc6 3. Bb5 a6 4. Ba4 Nf6 5. 0-0 b5 6. Bb3 Be7 7. Re1 d6 8. c3 0-0 9. d4 Bg4 10. Be3 Na5 11. dxe5 Bxf3 12. Qxf3 dxe5 13. Bc2 Nc4 14. Bc1 Qd7 15. b3 Nd6 16. h3 h6 17. Nd2 Nh7 18. Nf1 Ng5 19. Qg3 Qc6 20. h4 Ngxe4 21. Bxe4 Nxe4 22. Qxe5 Nxc3 23. Bb2 Bf6 24. Qg3 Rfe8 25. Rac1 b4 26. Ne3 h5 27. Qf4 Re4 28. Qf3 Rae8 29. Qxh5 Qd6 30. Bxc3 Rxh4 31. Qxh4 Bxh4 32. Nf5 Bxf2+ 33. Kxf2 Qf4+ 34. Kg1 Rxe1+ 35. Bxe1 Qxc1 0-1

[Event "Hastings Masters op 84th"]
[Site "Hastings"]
[Date "2009.01.04"]
[Round "8"]
[White "Cannon, Raymond Charles"]
[Black "Chowdhury, Sohel"]
[Result "0-1"]
[WhiteElo "2041"]
[BlackElo "2168"]
[PlyCount "82"]
[EventDate "2008.12.28"]
[EventType "swiss"]
[EventRounds "9"]
[EventCountry "ENG"]
[SourceTitle "CBM 128 Extra"]
[Source "ChessBase"]
[SourceDate "2009.03.05"]
[SourceVersion "2"]
[SourceVersionDate "2009.03.25"]
[SourceQuality "1"]

1. e4 c5 2. Nf3 e6 3. Nc3 a6 4. d4 cxd4 5. Nxd4 Qc7 6. Be2 Nf6 7. a3 d6 8. 0-0 Nbd7 9. f4 Be7 10. Be3 b6 11. Bf3 Bb7 12. Nb3 0-0 13. Qd2 Rac8 14. Rae1 Rfe8 15. Bd4 e5 16. fxe5 dxe5 17. Be3 Bxa3 18. Nd5 Bxd5 19. exd5 Bxb2 20. c4 Ba3 21. Ra1 Qd6 22. Qa2 Bc5 23. Nxc5 Nxc5 24. Qa3 a5 25. Rfb1 h5 26. Rb5 Nce4 27. Qd3 Nc5 28. Qa3 e4 29. Be2 Nfd7 30. Bxh5 Qe5 31. Bg4 f5 32. Bh5 Rf8 33. Bxc5 Nxc5 34. Be2 Qd4+ 35. Kh1 f4 36. Bg4 Nd3 37. Be6+ Kh7 38. h3 f3 39. gxf3 Rxf3 40. Ra2 Rxc4 41. d6 Rf1+ 0-1

[Event "Hastings Masters op 84th"]
[Site "Hastings"]
[Date "2009.01.02"]
[Round "6"]
[White "Cannon, Raymond Charles"]
[Black "Almond, Richard"]
[Result "1/2-1/2"]
[WhiteElo "2041"]
[BlackElo "2138"]
[PlyCount "101"]
[EventDate "2008.12.28"]
[EventType "swiss"]
[EventRounds "9"]
[EventCountry "ENG"]
[SourceTitle "CBM 128 Extra"]
[Source "ChessBase"]
[SourceDate "2009.03.05"]
[SourceVersion "2"]
[SourceVersionDate "2009.03.25"]
[SourceQuality "1"]

1. e4 d5 2. Nc3 dxe4 3. Nxe4 Bf5 4. Qf3 Bxe4 5. Qxe4 c6 6. Bc4 Nf6 7. Qe2 e6 8. Nf3 Bd6 9. d4 Nbd7 10. c3 Qc7 11. Bg5 0-0-0 12. 0-0-0 h6 13. Bh4 g5 14. Bg3 Nd5 15. Bxd5 cxd5 16. Bxd6 Qxd6 17. Rhe1 Qf4+ 18. Kb1 Kb8 19. h3 h5 20. Ne5 Nxe5 21. dxe5 Qc4 22. Qe3 Rdg8 23. Rd4 Qc7 24. Rc1 Qe7 25. Ra4 b6 26. g3 Rc8 27. Rb4 Kb7 28. a4 Rhg8 29. a5 Qc5 30. Qf3 Rc7 31. axb6 axb6 32. Rc2 Ra8 33. Qxh5 Qa5 34. Kc1 Qa1+ 35. Kd2 Qf1 36. Qe2 Qxh3 37. Qe3 Ra6 38. Rc1 Qf5 39. Rh1 Ka7 40. Ra1 Rc6 41. Rba4 Rxa4 42. Rxa4+ Kb7 43. Qe2 Rc4 44. Rxc4 dxc4 45. Kc1 g4 46. Qxc4 Qxe5 47. Qxg4 Qe1+ 48. Qd1 Qxf2 49. Qd7+ Kb8 50. Qd8+ Kb7 51. Qd7+ 1/2-1/2

[Event "Hastings Masters op 84th"]
[Site "Hastings"]
[Date "2008.12.31"]
[Round "4"]
[White "Cannon, Raymond Charles"]
[Black "Kwiatkowski, Feliks Jerzy"]
[Result "1/2-1/2"]
[WhiteElo "2041"]
[BlackElo "2219"]
[PlyCount "76"]
[EventDate "2008.12.28"]
[EventType "swiss"]
[EventRounds "9"]
[EventCountry "ENG"]
[SourceTitle "CBM 128 Extra"]
[Source "ChessBase"]
[SourceDate "2009.03.05"]
[SourceVersion "2"]
[SourceVersionDate "2009.03.25"]
[SourceQuality "1"]

1. e4 c5 2. Nf3 Nc6 3. d4 cxd4 4. Nxd4 Nf6 5. Nc3 e5 6. Ndb5 d6 7. Nd5 Nxd5 8. exd5 Nb8 9. c4 Be7 10. Be2 0-0 11. 0-0 a6 12. Nc3 f5 13. f4 Nd7 14. Be3 exf4 15. Bxf4 Qb6+ 16. Kh1 Qxb2 17. Qb3 Qxb3 18. axb3 Bf6 19. Rac1 Re8 20. Bf3 Ne5 21. Bxe5 Bxe5 22. Na4 Bd7 23. Nb6 Rad8 24. b4 Bd4 25. Nxd7 Rxd7 26. c5 b6 27. c6 Rc7 28. g4 f4 29. g5 Be5 30. Bg4 Kf7 31. Bh5+ g6 32. Be2 Ra7 33. Bg4 Rc7 34. Rc2 Ke7 35. Ra2 Ra7 36. Rf3 Rea8 37. Rh3 Rh8 38. Kg2 Bd4 1/2-1/2

[Event "Hastings Masters op 84th"]
[Site "Hastings"]
[Date "2008.12.29"]
[Round "2"]
[White "Cannon, Raymond Charles"]
[Black "Conde Chijeb, Manuel Jesus"]
[Result "1-0"]
[WhiteElo "2041"]
[BlackElo "1790"]
[PlyCount "77"]
[EventDate "2008.12.28"]
[EventType "swiss"]
[EventRounds "9"]
[EventCountry "ENG"]
[SourceTitle "CBM 128 Extra"]
[Source "ChessBase"]
[SourceDate "2009.03.05"]
[SourceVersion "2"]
[SourceVersionDate "2009.03.25"]
[SourceQuality "1"]

1. e4 e6 2. d4 d5 3. Nd2 Ne7 4. Ngf3 Ng6 5. h4 h6 6. h5 Ne7 7. Bd3 b6 8. c3 Bb7 9. Qe2 Nd7 10. exd5 Nxd5 11. Ne4 Qe7 12. a3 0-0-0 13. Bd2 c5 14. c4 N5f6 15. Bf4 Nxe4 16. Bxe4 Nf6 17. Bxb7+ Qxb7 18. 0-0-0 Qe4 19. Qd2 cxd4 20. Rhe1 Qb7 21. Nxd4 Bc5 22. Qc3 Qxg2 23. Nb5 Qb7 24. Qe5 a6 25. Nd6+ Bxd6 26. Rxd6 Rxd6 27. Qxd6 Rd8 28. Qe5 Ng4 29. Qe2 Nf6 30. Qe5 Ne8 31. Kb1 Qc7 32. Qe4 Qb7 33. Qe5 Nf6 34. f3 Ne8 35. Rc1 Qc7 36. Qe3 Qc6 37. Qe5 f6 38. Qb8+ Kd7 39. Rd1+ 1-0

[Event "EU Union-ch 4th"]
[Site "Liverpool"]
[Date "2008.09.12"]
[Round "4"]
[White "Lawson, Andrew"]
[Black "Cannon, Raymond Charles"]
[Result "1-0"]
[WhiteElo "2200"]
[BlackElo "2041"]
[PlyCount "79"]
[EventDate "2008.09.09"]
[EventType "swiss"]
[EventRounds "10"]
[EventCountry "ENG"]
[SourceTitle "CBM 126 Extra"]
[Source "ChessBase"]
[SourceDate "2008.11.05"]
[SourceVersion "1"]
[SourceVersionDate "2008.11.05"]
[SourceQuality "1"]

1. c4 Nf6 2. Nc3 c5 3. Nf3 Nc6 4. d4 cxd4 5. Nxd4 g6 6. g3 Bg7 7. Bg2 0-0 8. 0-0 Ng4 9. e3 Nge5 10. b3 d6 11. h3 Bd7 12. Bb2 Nxd4 13. exd4 Nc6 14. d5 Nd4 15. Rb1 Nf5 16. Ne4 Qa5 17. Bxg7 Kxg7 18. Qe2 Rac8 19. Rfc1 Qa3 20. b4 b6 21. Qd2 Qa6 22. Bf1 e5 23. dxe6 fxe6 24. c5 Qb7 25. Qb2+ Kh6 26. Nf6 e5 27. Ng4+ Kg7 28. Bg2 Bc6 29. Bxc6 Qxc6 30. cxd6 Qxd6 31. Qxe5+ Qxe5 32. Nxe5 Nd4 33. Rxc8 Rxc8 34. Rd1 Nb5 35. Rd7+ Kf6 36. Ng4+ Ke6 37. Rxh7 Rc1+ 38. Kg2 Ra1 39. Rg7 Kf5 40. Re7 1-0

[Event "Blackpool op 32nd"]
[Site "Blackpool"]
[Date "2008.03.09"]
[Round "5"]
[White "Blackburn, Jonathan LB"]
[Black "Cannon, Raymond Charles"]
[Result "1/2-1/2"]
[WhiteElo "2220"]
[BlackElo "2018"]
[PlyCount "23"]
[EventDate "2008.03.07"]
[EventType "swiss"]
[EventRounds "5"]
[EventCountry "ENG"]
[SourceTitle "CBM 123 Extra"]
[Source "ChessBase"]
[SourceDate "2008.05.06"]
[SourceVersion "1"]
[SourceVersionDate "2008.05.06"]
[SourceQuality "1"]

1. d4 Nf6 2. c4 c5 3. e3 g6 4. Nf3 Bg7 5. Be2 0-0 6. 0-0 cxd4 7. exd4 d5 8. Na3 dxc4 9. Nxc4 Nc6 10. Nce5 Nd5 11. Nxc6 bxc6 12. a3 1/2-1/2

[Event "Blackpool op 32nd"]
[Site "Blackpool"]
[Date "2008.03.08"]
[Round "2"]
[White "Cannon, Raymond Charles"]
[Black "Mulligan, Stephen"]
[Result "1/2-1/2"]
[WhiteElo "2018"]
[BlackElo "2119"]
[PlyCount "67"]
[EventDate "2008.03.07"]
[EventType "swiss"]
[EventRounds "5"]
[EventCountry "ENG"]
[SourceTitle "CBM 123 Extra"]
[Source "ChessBase"]
[SourceDate "2008.05.06"]
[SourceVersion "1"]
[SourceVersionDate "2008.05.06"]
[SourceQuality "1"]

1. e4 e5 2. Nf3 d6 3. d4 Nd7 4. Bc4 c6 5. a4 Be7 6. dxe5 dxe5 7. Ng5 Bxg5 8. Qh5 Qe7 9. Bxg5 Ngf6 10. Qe2 h6 11. Bd2 Nc5 12. Nc3 Ne6 13. Bxe6 Bxe6 14. 0-0 0-0 15. b3 Rfe8 16. f3 b6 17. a5 b5 18. Be3 Qb4 19. Bd2 Qd4+ 20. Kh1 Red8 21. Rfd1 a6 22. Be1 Qc5 23. Na2 Rd7 24. Bb4 Qa7 25. Bc3 Qc7 26. Qf2 c5 27. Qg3 Rxd1+ 28. Rxd1 Nd7 29. f4 f6 30. fxe5 fxe5 31. Qg6 Nf8 32. Qg3 Nd7 33. Qg6 Nf8 34. Qg3 1/2-1/2